Investičné podnikateľské prostredie vybraných krajín Ázie – Filipíny a Thajsko bakalárska práca

Gespeichert in:
Bibliographische Detailangaben
1. Verfasser: Dúbravková, Veronika
Körperschaft: Obchodná fakulta EU. Katedra medzinárodného obchodu
Weitere Verfasser: Baumgartner, Boris
Format: Buch
Sprache:Slowakisch
Veröffentlicht: Bratislava 2018
Tags: Tag hinzufügen
Keine Tags, Fügen Sie das erste Tag hinzu!

MARC

LEADER 00000nbm a2200000 4500
001 0245081
005 20180926140532.3
041 0 |a slo 
044 |a SK 
245 1 0 |a Investičné podnikateľské prostredie vybraných krajín Ázie – Filipíny a Thajsko  |b bakalárska práca  |c Veronika Dúbravková ; školiteľ: Boris Baumgartner 
264 1 |a Bratislava  |c 2018 
300 |a 53 s. 
100 1 |a Dúbravková, Veronika 
700 1 |a Baumgartner, Boris 
710 2 |a Obchodná fakulta EU. Katedra medzinárodného obchodu